Carregant...
Vrithivarthikam
| Autor principal: | |
|---|---|
| Format: | Printed Book |
| Publicat: |
Varanasi
Samanja
2002
|
| Matèries: |
| LEADER | 00540nam a22001691a 4500 | ||
|---|---|---|---|
| 020 | |c 0.00 | ||
| 040 | |a SSUS - Library - Kalady | ||
| 082 | |a S 491.25 |b APP/V | ||
| 100 | |a Appaya Dikshita | ||
| 245 | |a Vrithivarthikam |h [Text] | ||
| 260 | |a Varanasi |b Samanja |c 2002 | ||
| 300 | |a 57+86p. | ||
| 600 | |a Grammar Sanskrit | ||
| 852 | |h S 491.25 |i APP/V |p 052580 |9 150.00 |t 0 | ||
| 942 | |c BK | ||
| 999 | |c 50397 |d 50397 | ||
| 952 | |0 0 |1 0 |4 0 |6 S_491_250000000000000_APP_V |7 0 |9 73362 |a SSUS |b SSUS |d 2015-01-08 |g 150.00 |o S 491.25 APP/V |p 052580 |r 2015-01-08 |v 0.00 |w 2015-01-08 |y BK | ||